000 00520nam a22001817a 4500
005 20140304105820.0
010 _aENG-108686
020 _c195.00
_a9788121618489
035 _aEN-92219
037 _bDBAD/PUB
082 _a637.1
100 _aSharma, N.K.
245 _aMilk :
_cby N.K. Sharma
_ba silent killer /
260 _aNew Delhi
_bLife Positive
_c2013
270 _aC-153, Okhla Industrial Area Phase-I
_bNew Delhi
_e110020
300 _ax,219p.
_c22cm(pbk)
942 _2ddc
_cEN
_mSHA
_h637.1
999 _c80878
_d80878